Statistics for Biggest World Cities with Exceptions - Easy

Click here to take the quiz!

General Stats

  • This quiz has been taken 103 times
  • The average score is 45 of 50

Answer Stats

# Population Country City % Correct
79,904 kSouth KoreaSeoul
100%
312,229 kRussiaMoscow
100%
89,887 kPeruLima
100%
109,273 kJapanTokyo
100%
118,755 kUnited KingdomLondon
100%
148,537 kUnited StatesNew York City
100%
216,520 kBrazilRio de Janeiro
100%
265,282 kRussiaSt. Petersburg
99%
177,861 kSouth AfricaJohannesburg
99%
403,520 kGermanyBerlin
99%
214,025 kTurkeyIstanbul
99%
255,607 kSingaporeSingapore
99%
245,687 kThailandBangkok
99%
138,556 kMexicoMexico City
99%
187,740 kEgyptCairo
99%
226,516 kIraqBaghdad
98%
158,064 kColombiaBogotá
98%
473,169 kGreeceAthens
98%
314,459 kAustraliaMelbourne
98%
99,608 kIndonesiaJakarta
98%
483,166 kSpainMadrid
98%
294,605 kAustraliaSydney
98%
128,694 kIranTehran
97%
235,880 kVietnamHo Chi Minh City
97%
411,998 kBrazilSão Paulo
97%
363,976 kUnited StatesLos Angeles
97%
443,360 kMoroccoCasablanca
95%
423,431 kSouth AfricaCape Town
95%
493,134 kKenyaNairobi
95%
114,910 kPakistanKarachi
95%
168,048 kNigeriaLagos
95%
611,086 kBangladeshDhaka
95%
275,188 kSaudi ArabiaRiyadh
95%
206,562 kChileSantiago de Chile
95%
304,588 kTurkeyAnkara
94%
197,274 kD.R. CongoKinshasa
94%
344,028 kEgyptAlexandria
94%
373,962 kAfghanistanKabul
93%
334,365 kTanzaniaDar es Salaam
92%
453,273 kEthiopiaAddis Ababa
92%
511,126 kPakistanLahore
87%
284,729 kMyanmarYangon
83%
413,449 kSouth KoreaBusan
78%
433,431 kSaudi ArabiaJeddah
76%
324,395 kCôte d'IvoireAbidjan
74%
393,669 kBangladeshChittagong
70%
383,725 kJapanYokohama
67%
503,022 kEgyptGiza
46%
463,204 kPakistanFaisalabad
43%
353,979 kTaiwanNew Taipei City
36%

Score Distribution

Percentile by Number Answered

Percent of People with Each Score

Your Score History

You have not taken this quiz